Statistics for NBA Teams All-Time Leading Postseason Assister

Click here to take the quiz!

General Stats

  • This quiz has been taken 19 times
  • The average score is 24 of 30

Answer Stats

TeamPointsPlayer% Correct
UTA1,839John Stockton
100%
LAL2,346Magic Johnson
100%
MIA846Dwyane Wade
94%
HOU602James Harden
94%
BKN710Jason Kidd
94%
CLE1,188LeBron James
94%
CHI1,022Michael Jordan
94%
OKL778Russell Westbrook
94%
SAS1,143Tony Parker
94%
NOP256Chris Paul
89%
LAC462Chris Paul
89%
POR640Clyde Drexler
89%
DET987Isiah Thomas
89%
PHO935Kevin Johnson
89%
BOS1,062Larry Bird
89%
DAL360Dirk Nowitzki
83%
TOR526Kyle Lowry
83%
DEN496Nikola Jokic
83%
GSW974Draymond Green
78%
MIL413Giannis Antetokounmpo
78%
MEM377Mike Conley
78%
ORL294Penny Hardaway
78%
ATL372Lenny Wilkens
72%
MIN236Kevin Garnett
67%
SAC368Oscar Robertson
67%
NYK599Walt Frazier
67%
IND575Mark Jackson
61%
PHI807Maurice Cheeks
50%
WAS453Wes Unseld
44%
CHA149David Wesley
17%

Score Distribution

Percentile by Number Answered

Percent of People with Each Score

Your Score History

You have not taken this quiz